000 00658nam a2200217Ia 4500
003 OSt
005 20220923221922.0
006 a|||||r|||| 00| 0
007 ta
008 220922b |||||||| |||| 00| 0 hin d
024 _a201,084
037 _cTextual
040 _aARTS
_cARTS
_bhin
041 _2hin
_ahin
082 _aO168:3NSx, 152H0
100 _aशफीकुर्रहमान
245 0 _aशैतान हास्य रस की कहानिया
246 _aShaitān hāsya ras kī kahāniyā
942 _hO168:3NSx, 152H0
_cTEXL
_2CC
999 _c352747
_d352747